Revista da Cidade (Registro n. 729)

Detalhes MARC
000 -LEADER
fixed length control field 00774nas a22002177a 4500
005 - DATE AND TIME OF LATEST TRANSACTION
control field 20260528163719.0
008 - FIXED-LENGTH DATA ELEMENTS--GENERAL INFORMATION
fixed length control field 260528b19691980porb||p|||||| 00| z por d
040 ## - CATALOGING SOURCE
Transcribing agency BR-ViAPE
245 ## - TITLE STATEMENT
Title Revista da Cidade
260 ## - PUBLICATION, DISTRIBUTION, ETC.
Place of publication, distribution, etc. Alegre
Date of publication, distribution, etc. 1969-1980
300 ## - PHYSICAL DESCRIPTION
Extent v.
Other physical details il.
310 ## - CURRENT PUBLICATION FREQUENCY
Current publication frequency Quinzenal
362 ## - DATES OF PUBLICATION AND/OR SEQUENTIAL DESIGNATION
Dates of publication and/or sequential designation Ano 2, n. 15 (ago. 1969) - ano 13, n. Especial (ago. 1980).
500 ## - GENERAL NOTE
General note Disponibilizada apenas a imagem da capa na versão digital, em virtude de restrições de direitos autorais.
500 ## - GENERAL NOTE
General note Coleção incompleta: disponíveis apenas alguns números do periódico.
650 ## - SUBJECT ADDED ENTRY--TOPICAL TERM
Topical term or geographic name entry element Notícia
General subdivision Sociedade
-- Literatura
Geographic subdivision Espírito Santo
651 ## - SUBJECT ADDED ENTRY--GEOGRAPHIC NAME
Geographic name Espírito Santo (Brasil)
Form subdivision Periódico
700 ## - ADDED ENTRY--PERSONAL NAME
Personal name Moreira, Evandro
Relator term Diretor
942 ## - ADDED ENTRY ELEMENTS (KOHA)
Source of classification or shelving scheme Dewey Decimal Classification
Koha item type Periódicos
Suppress in OPAC Yes
Exemplares
Withdrawn status Lost status Source of classification or shelving scheme Damaged status Not for loan Home library Current library Date acquired Total checkouts Date last seen Price effective from Koha item type
    Dewey Decimal Classification     Hemeroteca Digital do Arquivo Público do Estado do Espírito Santo Hemeroteca Digital do Arquivo Público do Estado do Espírito Santo 05/28/2026   05/28/2026 05/28/2026 Periódicos